000 00699nam a2200253Ia 4500
003 OSt
005 20220926012136.0
006 a|||||r|||| 00| 0
007 ta
008 220923b |||||||| |||| 00| 0 eng d
020 _a1557860149
037 _cGeneral Book
040 _aRTL
_cRTL
_beng
041 _2eng
_aeng
082 _aW,8, M9
100 _aBromley Daniel W
_9248106
245 0 _aEconomic interests and institutions
_b The conceptua
260 _aNew York
_bBasil Blackwell
_c1989
300 _aviii,274p
_ccm.
500 _aBibliography: p 253-263
650 _aBureaucracy
942 _hW,8, M9
_cGB
_2CC
999 _c621852
_d621852